=LDR 00000nam 2200000 4500 =001 INLIS000000000032560 =005 20130612134549 =008 ***********************************Ind** =035 ##$$0010-061300000032560 =041 ##$$a Ind =082 ##$$a 952.503 =090 ##$$a 952.503, 952.503, Ens, e =245 ##$$a Ensiklopedi bergambar Sejarah Bumi, Tim Jember =260 ##$$a 2007 $b Bandung =300 ##$$a 117 hlm, ilus., 28 cm =650 ##$$a Sejarah Bumi =850 ##$$a NBPNMAT